'P' Food Pictures Quiz Stats

 Plays Quiz Updated Dec 15, 2016

Support Sporcle.
Go Orange.
Score 0/20 Timer 05:00
2 Plays Today
Column 'P' Food % Correct
Pizza
98.6%
Popcorn
98.6%
Pear
98.6%
Pineapple
98.3%
Pancakes
98%
Peaches
97.8%
Peanuts
97.6%
Potatoes
97.2%
Pumpkin Pie
96.5%
Penne Pasta
95.4%
Column 'P' Food % Correct
Pickles
93.5%
Popsicles
90.9%
Plums
90.2%
Pistachios
88.4%
Pecans
86.4%
Peppermint Candy
80.9%
Plantains
72.3%
Parmesan Cheese
68.7%
Pepperoni
66.8%
Peppercorns
44.4%

You're not logged in!

Compare scores with friends on all Sporcle quizzes.
OR
Log In
Forgot?

From the Vault

MLB All-Star Catchers (NL)

by ian2813

Major League catchers have the best seat in the house, except for the part where baseballs are always hitting them in the face.
Remove Ads.
Support Sporcle.
Get the best of Sporcle when you Go Orange. This ad-free experience offers more features, more stats, and more fun while also helping to support Sporcle. Thank you for becoming a member.

Show Comments

Extras

Top Quizzes Today


Score Distribution

Your Account Isn't Verified!

In order to create a playlist on Sporcle, you need to verify the email address you used during registration. Go to your Sporcle Settings to finish the process.

Report this User

Report this user for behavior that violates our Community Guidelines.

Details: